000 00343nam a2200145Ia 4500
100 _aHeasrt business communication
942 _cRB
654 _aComputer
245 _aI C Master Vol 2 1996
260 _bHearst Business Communications inc
_aNew york
_c1996
082 _a5.74074
_bHEA
300 _a841
546 _aENGLISH
999 _c34906
_d34906